Dutch Leaders - Statistics

General Stats
  • This quiz has been taken 6 times
  • The average score is 14 of 78
Answer Stats
Reign Leader % Correct
2024-2026 Dick Schoof
67%
2002-2010 Jan Peter Balkenende
67%
2010-2024 Mark Rutte
67%
2026-present Rob Jetten
67%
1746 Willem Buys
67%
1948-1958 Willem Drees
67%
1945-1946 Willem Schermerhorn
67%
1994-2002 Wim Kok
50%
1926-1929 Dirk Jan de Geer
33%
1939-1940 Dirk Jan de Geer
33%
1959-1963 Jan de Quay
33%
1874-1877 Jan Heemskerk
33%
1883-1888 Jan Heemskerk
33%
1858-1860 Jan Jacob Rochussen
33%
1877-1879 Jan Kappeyne van de Coppello
33%
1787-1795 Laurens Pieter van de Spiegel
33%
1868-1871 Pieter Philip van Bosse
33%
1772-1787 Pieter van Bleiswijk
33%
1940-1945 Adolf Hitler
17%
1631-1636 Adriaan Pauw
17%
1651-1653 Adriaan Pauw
17%
1621-1629 Anthonie Duyck
17%
1689-1720 Anthonie Heinsius
17%
1736-1746 Anthonie van der Heim
17%
1971-1973 Barend Biesheuvel
17%
1977-1982 Dries van Agt
17%
1853-1856 Floris Adriaan van Hall
17%
1860-1861 Floris Adriaan van Hall
17%
1629-1631 Jacob Cats
17%
1636-1651 Jacob Cats
17%
1848-1849 Jacob de Kempenaer
17%
1746-1749 Jacob Gilles
17%
1861 Jacob van Zuylen van Nijevelt
17%
1965-1966 Jo Cals
17%
1653-1672 Johan de Witt
17%
1849-1853 Johan Rudolph Thorbecke
17%
1862-1866 Johan Rudolph Thorbecke
17%
1871-1872 Johan Rudolph Thorbecke
17%
1586-1619 Johan van Oldenbarnevelt
17%
1973-1977 Joop den Uyl
17%
1806-1810 Lodewijk Napoleon
17%
1946-1948 Louis Beel
17%
1958-1959 Louis Beel
17%
1810-1813 Napoleon Bonaparte
17%
1967-1971 Piet de Jong
17%
1913-1918 Pieter Cort van der Linden
17%
1945 Pieter Sjoerds Gerbrandy
17%
1749-1772 Pieter Steyn
17%
1982-1994 Ruud Lubbers
17%
1813-1840 William I
17%
1840-1848 William II
17%
1901-1905 Abraham Kuyper
0%
1888-1891 Aeneas Mackay Jr
0%
1619-1621 Andries de Witt
0%
1806 Carel de Vos van Steenwijk
0%
1918-1925 Charles Ruijs de Beerenbrouck
0%
1929-1933 Charles Ruijs de Beerenbrouck
0%
1672-1688 Gaspar Fagel
0%
1872-1874 Gerrit de Vries
0%
1848 Gerrit Schimmelpenninck
0%
1891-1894 Gijsbert van Tienhoven
0%
1925-1926 Hendrikus Colijn
0%
1933-1939 Hendrikus Colijn
0%
1866 Isaäc Dignus Fransen van de Putte
0%
1720-1727 Isaac van Hoornbeek
0%
1966-1967 Jelle Zijlstra
0%
1894-1897 Joan Röell
0%
1866-1868 Julius van Zuylen van Nijevelt
0%
1856-1858 Justinus van der Brugghen
0%
1688-1689 Michiel ten Hove
0%
1897-1901 Nicolaas Pierson
0%
1805-1806 Rutger Jan Schimmelpenninck
0%
1861-1862 Schelto van Heemstra
0%
1727-1736 Simon van Slingelandt
0%
1905-1908 Theo de Meester
0%
1908-1913 Theo Heemskerk
0%
1879-1883 Theo van Lynden van Sandenburg
0%
1963-1965 Victor Marijnen
0%
No matching quizzes found
Score Distribution
Percent of People with Each Score
Percentile by Number Answered
Your Score History
You have not taken this quiz